000 00270nam a2200109Ia 4500
001 1262011
005 20260417140403.0
008 260417s9999 xx 000 0 und d
020 _a9789752898578
245 0 _aRaziye
_cMelih Cevdet Anday
260 _bEverest Yayınları
999 _c1262011
_d1262011